000 00419nam a22001577a 4500
003 OSt
005 20140401140927.0
008 140401b xxu||||| |||| 00| 0 eng d
020 _a2300101
050 _aAP 2
_b.R286 1997
245 _aReader's Digest
_bCondensed Books
260 _aNew York ;
_bThe Reader's Digest Association, Inc.,
_c1997
300 _a573 p. :
_bill. ;
_c21 cm.
942 _2lcc
_cBK
999 _c57955
_d57955